American English File MultiPACK 2A

Na minha lista:
Detalhes bibliográficos
Autor principal: Oxenden, Clive
Outros Autores: Koenig, Christina Latham, Seligson, Paul
Formato: Livro
Publicado em: Oxford Oxford Univ. Press 2008
Assuntos:
Tags: Adicionar Tag
Sem tags, seja o primeiro a adicionar uma tag!
Thư viện lưu trữ: Trung tâm Học liệu Lê Vũ Hùng, Trường Đại học Đồng Tháp
LEADER 00806pmm a22002298a 4500
001 00044208
005 20190503090503.0
008 111223s2008 |||||| sd
020 # # |c 0 
082 1 4 |a 428  |b A104E 
100 1 # |a Oxenden, Clive 
245 1 0 |a American English File  |b MultiPACK 2A  |c Clive Oxenden, Christina Latham Koenig, Paul Seligson  |h Nguồn liệu điện tử 
260 # # |a Oxford  |b Oxford Univ. Press  |c 2008 
300 # # |e sách  |a 1 CD  |b ill.  |c 43/4 inch 
650 # 4 |x workbook  |x study english  |a English language 
653 # # |a Anh ngữ thực hành 
653 # # |a tiếng anh 
653 # # |a Đĩa CD 
700 1 # |a Koenig, Christina Latham 
700 1 # |a Seligson, Paul 
852 # # |j DPT.0004179 
980 # # |a Trung tâm Học liệu Lê Vũ Hùng, Trường Đại học Đồng Tháp